| 000 | 00570nam a2200169 a 4500 | ||
|---|---|---|---|
| 008 | 120416s1965 ||||||||||||||||| || u | ||
| 050 | _aPR 19 Bro | ||
| 100 | _aBrowning, David Clayton | ||
| 245 | 1 | 0 | _aEveryman's dictionary of literary biography, English and American |
| 250 | _aRev. ed. | ||
| 260 |
_aLondon _bDent _c1965 |
||
| 300 | _axi, 769p. | ||
| 350 | _a0.00 | ||
| 650 | _aENGLISH, AMERICAN--BIOGRAPHY | ||
| 650 | 4 | _aBIOGRAPHY | |
| 995 |
_D0.00 _FCBU-MAIN LIBRARY (Kitwe) _H1 _I0.00 _M1 _UREFERENCE _ZReference Collection |
||
| 999 |
_c42764 _d42764 |
||